Statistics for USMNT Opponents

Click here to take the quiz!

General Stats

  • This quiz has been taken 257 times
    (90 since last reset)
  • The average score is 79 of 105

Answer Stats

#OpponentFirst Match% Correct
7Canada1925
99%
11Brazil1930
98%
63Japan1993
98%
12Mexico1934
98%
17Spain1950
98%
13Italy1934
97%
18England1950
95%
41South Korea1987
95%
8Argentina1928
94%
34France1979
94%
65Germany1993
94%
32Portugal1978
94%
30China1977
93%
6Ireland1924
93%
62Russia1993
93%
1Sweden1916
93%
9Belgium1930
92%
73Netherlands1998
92%
2Norway1916
92%
14Cuba1947
91%
45Finland1990
91%
20Scotland1952
91%
24Colombia1961
90%
61Denmark1993
90%
57Australia1992
88%
67Panama1993
88%
33Soviet Union1979
88%
66Venezuela1993
88%
87Czech Republic2006
87%
78New Zealand1999
87%
4Uruguay1924
87%
19Chile1950
86%
76Iran1998
86%
10Paraguay1930
86%
82Wales2003
86%
50Austria1990
85%
71Greece1994
85%
29Guatemala1977
85%
25Honduras1965
85%
5Poland1924
85%
98Serbia2017
85%
89Slovakia2009
85%
80South Africa2000
85%
40Egypt1987
84%
28El Salvador1977
84%
99Nicaragua2017
84%
44Peru1989
84%
53Turkey1991
84%
39Ecuador1984
83%
58Ukraine1992
83%
91Algeria2010
81%
93Belize2013
81%
64Bolivia1993
81%
27Costa Rica1975
81%
51Croatia1990
80%
3Estonia1924
80%
88Ghana2006
80%
22Iceland1955
80%
56Morocco1992
80%
21Haiti1954
79%
43Jamaica1988
79%
86Latvia2006
79%
72Nigeria1995
79%
15Northern Ireland1948
79%
52Romania1991
79%
90Slovenia2010
79%
23Yugoslavia1956
79%
31Switzerland1978
78%
37Trinidad & Tobago1982
78%
35Hungary1979
77%
16Israel1948
77%
94Bosnia and Herzegovina2013
76%
100Guyana2019
74%
54North Korea1991
72%
42Thailand1987
71%
46East Germany1990
69%
59Saudi Arabia1992
69%
49Czechoslovakia1990
67%
81Barbados2000
66%
83Cameroon2003
66%
103St. Kitts and Nevis2023
66%
96St. Vincent and the Grenadines2015
65%
60Ivory Coast1992
64%
85Grenada2004
63%
36Luxembourg1980
62%
102Qatar2021
62%
79Tunisia2000
62%
70Armenia1994
59%
74North Macedonia1998
59%
47Malta1990
57%
69Moldova1994
57%
105Oman2023
52%
48Liechtenstein1990
51%
97Puerto Rico2016
49%
75Kuwait1998
47%
104Uzbekistan2023
38%
26Bermuda1968
34%
84Martinique2003
31%
101Curaçao2019
30%
92Guadeloupe2011
24%
68Cayman Islands1993
17%
77FR Yugoslavia1998
17%
95Azerbaijan2014
13%
55CIS1992
6%
38Netherlands Antilles1984
3%

Score Distribution

Percentile by Number Answered

Percent of People with Each Score

Your Score History

You have not taken this quiz since the last reset